History Quiz

Random History or Art Quiz

Art History Match-up Quiz Stats

 Plays Quiz Updated Aug 12, 2018

Challenge
Share
Tweet
Score 0/18 Timer 04:00
6 Plays Today
% Correct
Mona
95.8%
The Starry
92.3%
Birth of
81.1%
American
80.1%
The Persistence of
74.5%
The Night
54.9%
Las
50.6%
Mulholland
46.6%
The Basket of
38.6%
% Correct
The Last
36.7%
The Old
33.2%
Impression
32.8%
Praying
29.3%
Broadway
26.7%
The Son
21.1%
The Naked
20.5%
Dance at
19%
The Sleeping
17.8%

You're not logged in!

Compare scores with friends on all Sporcle quizzes.
Join for Free
OR
Log In

You Might Also Like...

Show Comments

Extras

Top Quizzes Today


Score Distribution

Your Account Isn't Verified!

In order to create a playlist on Sporcle, you need to verify the email address you used during registration. Go to your Sporcle Settings to finish the process.

Report this User

Report this user for behavior that violates our Community Guidelines.

Details: